00471nam a2200157Ia 450000500170000000800410001702000220005804100080008008200160008810000130010424500510011726000370016850000270020565000270023270000540025920230417143927.0230125s9999 xx 000 0 und d a978-93-5158-009-6 aeng a003.54bSHA aSharma S aComputer Aided Personal Productivity Tools Lab c2013bSuccess PublicationsaPune aInformation technology aInformation technology aSharma S; Vishwasrao N D; Mandlik D T & Patil N P